000 00609nam a2200193Ia 4500
003 LK-CoDNM
005 20241211125749.0
008 010623t2005 xxu||||| |||| 00| 1 sin d
040 _aLK-CoDNM
_dLK-CoDNM
_eLK-CoDNM
041 _asin
080 _ax954.3
_bHER
100 _aJayasundera,Damayanti Sagarika Weeraparakrama
245 _aශ්‍රී ලංකාවේ පරිපූර්ණ රාජ්‍යාවලිය
246 _aSri Lankawe Parepurna Rajawaliya
260 _bStamferd Lake
_aColombo
_c2005
300 _b152p. ; ILL 18 cm
700 _aHerath, H.M.Mervin
942 _cBK
999 _c125168
_d125168